Německé sjednocení a privatizace.
Politické a ekonomické pozadie privatizácie vo Východnom Nemecku. Ekonomické dôsledky znovuzjednotenia Nemecka. Privatizačné ciele Úradu pre privatizáciu. Organizačná štruktúra a výsledky privatizačnej činnosti Úradu pre privatizáciu. Formy privatizácie podnikov. Kontrola a správnosť privatizačného...
Gespeichert in:
| 1. Verfasser: | |
|---|---|
| Format: | Buchkapitel |
| Sprache: | Tschechisch |
| Schlagworte: | |
| Tags: |
Keine Tags, Fügen Sie das erste Tag hinzu!
|
MARC
| LEADER | 00000naa a2200000 4500 | ||
|---|---|---|---|
| 001 | r009058 | ||
| 005 | 20220831084343.3 | ||
| 041 | 0 | |a cze | |
| 044 | |a [CS] | ||
| 245 | 1 | 0 | |a Německé sjednocení a privatizace. |c G. Schneiders |
| 520 | |a Politické a ekonomické pozadie privatizácie vo Východnom Nemecku. Ekonomické dôsledky znovuzjednotenia Nemecka. Privatizačné ciele Úradu pre privatizáciu. Organizačná štruktúra a výsledky privatizačnej činnosti Úradu pre privatizáciu. Formy privatizácie podnikov. Kontrola a správnosť privatizačného procesu. Problémy vyskytujúce sa v privatizačnom procese. | ||
| 610 | 2 | 0 | |a privatizácia |
| 610 | 2 | 0 | |a Nemecko |
| 610 | 2 | 0 | |a reformy hospodárske |
| 610 | 2 | 0 | |a štruktúra organizačná |
| 610 | 2 | 0 | |a východné Nemecko |
| 610 | 2 | 0 | |a kontrola |
| 100 | 1 | |a Schneiders, G. | |